| 000 | 01351nam a2200229Ia 4500 | ||
|---|---|---|---|
| 003 | Ost | ||
| 005 | 20260507075310.0 | ||
| 008 | 260507s9999||||xx |||||||||||||| ||und|| | ||
| 040 | _cfsecg | ||
| 041 | _aara | ||
| 082 | _a330 | ||
| 100 |
_aمحمد الفضل، مؤيد _eمؤلف |
||
| 245 | 0 |
_aالمحاسبة الادارية / _c مؤيد محمد الفضل |
|
| 260 |
_aعمان: _bالمسيرة, _c2007 |
||
| 300 |
_a560 صفحة؛ _bإيضاحات ؛ _c25 سم |
||
| 520 | _aالاطار الفكري و المفاهيمي للمحاسبة الادارية ، أنواع التكاليف من منظور المحاسبة الادارية ، نظم تحميل التكاليف و تخطيط المبيعات ، تحليل علاقة الكلفة - الحجم - الربح مع تناول الموازنات و الموازنة الرأسمالية ، التكاليف الملائمة لإتخاذ القرارات قصيرة الأجل و أخيرا اللامركزية و محاسبة المسؤولية و أسعار التحويل مع وجود أسئلة و تمارين للمراجعة في نهاية كل فصل. | ||
| 653 | _aالادارة | ||
| 653 | _aالمحاسبة | ||
| 653 | _aالمحاسبة الإدارية | ||
| 700 |
_aنور، عبد الناصر ابراهيم _eمؤلف ثانوي |
||
| 942 | _cكتاب | ||
| 999 |
_c43859 _d43859 |
||